=LDR 00000nam 2200000 4500 =001 INLIS000000000034050 =005 20130612135953 =008 ***********************************ind** =035 ##$$0010-061300000034050 =041 ##$$a ind =082 ##$$a 635. 9 =090 ##$$a 635. 9, Ruk s =100 ##$$a Rukmana, Rahmat =245 ##$$a sedap malam, Rahmat Rukman =260 ##$$a 2006 $b Yogyakarta =300 ##$$a 36 hlm, ilus, 21 cm =650 ##$$a Sedap malam - Budidaya =850 ##$$a NBPNMAT